000 00534nam a2200241Ia 4500
003 IT-RoPAU
008 120407s9999 xx 000 0 und d
040 _aIT-RoPAU
040 _cIT-RoPAU
041 _afra
100 _aHippolytus
100 _csant'
245 _aLa tradition apostolique. 2a ed. (Testo latino - francese)
250 _aParis
260 _aDu Cerf
260 _c1984
300 _a149 p.
300 _c19,5 cm
490 _aSources Chrétiennes
490 _v11
942 _cBK
999 _c25958
_d25958